000 00499nam a2200193 4500
003 OSt
005 20240708013838.0
006 a
008 240708b |||||||| |||| 00| 0 eng d
020 _a0767417135
040 _aDWCL-HMN lib.
_cOC
082 _aCirc. 617.3 D133 2001
110 _aMayfield Pub. Co.
245 _aDaily fitness log /
260 _a London:
_bThe Publisher,
_cc2001.
300 _bno paging ;
_c21 cm.
650 _a1. Physical fitness.
942 _2ddc
_n0
_cBK-CIRC
_kCirc.
999 _c2069
_d2069